| 000 | 00590cam a2200193 4500500 | ||
|---|---|---|---|
| 005 | 20260405002905.0 | ||
| 041 | _afre | ||
| 042 | _adc | ||
| 100 | 1 | 0 |
_aPortevin, Catherine _eauthor |
| 245 | 0 | 0 | _aÊtre soi-même. Une autre histoire de la philosophie |
| 260 | _c2019. | ||
| 500 | _a12 | ||
| 690 | _aClaude Romano | ||
| 690 | _aIdentité | ||
| 690 | _aMartin Duru | ||
| 690 | _aSoi | ||
| 786 | 0 | _nPhilosophie magazine | 127 | 3 | 2019-03-01 | p. 48-49 | 1951-1787 | |
| 856 | 4 | 1 | _uhttps://shs.cairn.info/magazine-philosophie-magazine-2019-3-page-48?lang=fr&redirect-ssocas=7080 |
| 999 |
_c2062182 _d2062182 |
||